00368 a2200109 4500001001000000005001700010008004100027245008500068100002100153773006700174999001700241ART_1255020260410161907.0260409a 10aThe Test Rate of discount and Changes in Base-Level Income in the United Kingdom1 aScoott, M. F. G.0 tThe Economic Journalg- Vol. 87, NÂș 346 (jun. 1977)wREV12512 c26445d26445